000 00530cam a2200193ua 4500
001 11497
008 190925n ii |||gr||||Z||||||eng
020 _a9788131716779
040 _cMAIN
041 _aeng
082 _a954
100 _aUpinder Singh,
_eAuthor.
245 _aHistory of ancient and early medieval india :
_bFrom the stone age to the 12th century /
_cBy Upinder Singh .
250 _a13th imp.
260 _aUttar Pradesh:
_bPearson,
_c2018.
300 _a677p.
653 _aSouth Asia India
942 _cBK
999 _c10324
_d10324